000 00424nam a2200157 a 4500
005 20140412111325.0
008 000818s19uu xx 00 eng d
020 _a0-590-32994-4
050 _aTR(PS E
_bTu83 1996
100 _aBond, Felicia
245 _aTumble bumble /
_cFelicia Bond.
260 _aNew York :
_bScholastic Inc,
_c1996.
300 _a1 v. (unp.) ; ill.
650 _aFriendship-Fiction
999 _c104569
_d104569